000
00348nam a2200169Ia 4500
100
_a
Sriganesh/Rima Patel
650
_a
Java
942
_c
BK
366
_f
25
654
_a
java beans
245
_a
Mastering Enterprise Java Beans 3.0
260
_b
Wiley
_c
2006
082
_a
5.133
_b
SRI
300
_a
685
546
_a
ENGLISH
999
_c
26412
_d
26412